000 00662nam a22002297a 4500
003 OSt
008 260408b |||||||| |||| 00| 0 eng d
020 _a9789366265391
082 _a631.584
_bP31N
245 _aNatural Farming and Crop Management /
_cby Sarthak Pattanayak...[et al.]
260 _a.- Delhi
_b: IBPSS
_c, 2025
300 _avii,253p.
650 _aTechnology (Applied Sciences)
650 _aAgriculture and Related Technologies
650 _aNatural Farming
650 _aCrop Management
700 _aPattanayak, Sarthak.
700 _aDas, Priyanka.
700 _aPradhan, Uma.
700 _aPrusty, Ajay Kumar.
942 _2ddc
_cBK
999 _c50039
_d50039